00445nam a22001577a 450000500170000001000150001702000260003203500130005803700140007108200080008510000180009324500440011126000510015527000550020630000260026120100812160048.0 aENG-100079 a9788185984346c295.00 aEN-83611 bDBADB/PUB a920 aRajan, R. V.  aCourage my companion /cby R. V. Rajan aMadrasbProuctivity & Quality Publishingc2009 a38, Thanikachalam Road, T. Nagar, bMadrase600017 avi, 195p.c23cm (pbk)